Loading...
Tele par himalay/
| Main Author: | |
|---|---|
| Format: | Printed Book |
| Published: |
New Delhi:
Bharatiya Jnanpith,
1999.
|
| Subjects: |
| LEADER | 00478nam a22001331a 4500 | ||
|---|---|---|---|
| 082 | |a H4 BHA THE |b N99 | ||
| 100 | |a Dharmavir Bharathi |9 131762 | ||
| 245 | |a Tele par himalay/ |c by Dharmavir Bharathi | ||
| 260 | |a New Delhi: |b Bharatiya Jnanpith, |c 1999. | ||
| 300 | |a 163p. | ||
| 650 | |a Essays Hindi |9 131763 | ||
| 942 | |c BK | ||
| 999 | |c 46334 |d 46334 | ||
| 952 | |0 0 |1 0 |4 0 |6 H_4_000000000000000_BHA_THE_N99 |7 0 |9 66999 |a SSUS |b SSUS |d 2015-01-08 |g 100.00 |o H4 BHA THE N99 |p 018918 |r 2015-01-08 |v 0.00 |w 2015-01-08 |y BK | ||